ديوان الفرزدق / (رقم التسجيلة. 98593)

تفاصيل مارك
000 -LEADER
fixed length control field 00589nam a22001937a 4500
005 - DATE AND TIME OF LATEST TRANSACTION
control field 20251108173216.0
008 - FIXED-LENGTH DATA ELEMENTS--GENERAL INFORMATION
fixed length control field 250721s2004 xx 000 0 ara d
082 14 - DEWEY DECIMAL CLASSIFICATION NUMBER
Classification number م/ ط/ 811.4/ فرز
100 1# - MAIN ENTRY--PERSONAL NAME
Personal name طراد، مجيد
245 10 - TITLE STATEMENT
Title ديوان الفرزدق /
264 1# - PRODUCTION, PUBLICATION, DISTRIBUTION, MANUFACTURE, AND COPYRIGHT NOTICE
Place of production, publication, distribution, manufacture بيروت :
Name of producer, publisher, distributor, manufacturer دار الكتاب العربي،
Date of production, publication, distribution, manufacture, or copyright notice 2004.
300 ## - PHYSICAL DESCRIPTION
Extent ج 1.
650 17 - SUBJECT ADDED ENTRY--TOPICAL TERM
Topical term or geographic name as entry element الشعر العربي
650 17 - SUBJECT ADDED ENTRY--TOPICAL TERM
Topical term or geographic name as entry element النقد الأدبي
650 17 - SUBJECT ADDED ENTRY--TOPICAL TERM
Topical term or geographic name as entry element العصر الاموي
700 1# - ADDED ENTRY--PERSONAL NAME
Personal name الفرزدق، ابو فراس همام بن غالب
942 ## - ADDED ENTRY ELEMENTS (KOHA)
Source of classification or shelving scheme Dewey Decimal Classification
Koha item type كتب
المقتنيات
حالة السحب حالة الفقدان مصدر التصنيف حالة التلف غير قابل للإعارة المكتبة الرئيسية المكتبة الحالية موقع الرف تاريخ التزويد الرقم المتسلسل Total Checkouts رقم الإستدعاء الباركود تاريخ آخر ظهور تاريخ الفاتورة نوع المادة (كوها)
    Dewey Decimal Classification   Not For Loan مكتبة قتيبة للأطفال مكتبة قتيبة للأطفال الأطفال 28/07/2025 893676   م/ ط/ 811.4/ فرز 893676 28/07/2025 28/07/2025 كتب
    Dewey Decimal Classification   Not For Loan مكتبة أبو علندا العامة مكتبة أبو علندا العامة الأطفال 01/01/2003 1661016   م/ ط/ 811.4/ فرز PLD00405439 28/07/2025 01/01/2003 كتب
    Dewey Decimal Classification   Not For Loan مكتبة أم المؤمنين للأطفال مكتبة أم المؤمنين للأطفال الأطفال 28/07/2025 1045617   م/ ط/ 811.4/ فرز 1045617 28/07/2025 28/07/2025 كتب
    Dewey Decimal Classification     مكتبة البيادر مكتبة البيادر الأطفال 28/07/2025 1010188   م/ ط/ 811.4/ فرز 1010188 28/07/2025 28/07/2025 كتب
    Dewey Decimal Classification   Not For Loan مكتبة عدن للأطفال مكتبة عدن للأطفال الأطفال 28/07/2025 894576   م/ ط/ 811.4/ فرز 894576 28/07/2025 28/07/2025 كتب
    Dewey Decimal Classification   Not For Loan مكتبة عدن للأطفال مكتبة عدن للأطفال الأطفال 28/07/2025 894577   م/ ط/ 811.4/ فرز 894577 28/07/2025 28/07/2025 كتب
Implemented & Customized by: BBB with SCIT (Smart Chains for Information Technology)

Powered by Koha